[Event "Kimry Autumn"]
[Site "Kimry"]
[Date "2010.08.29"]
[Round "1"]
[White "Efimov, Andrey"]
[Black "Kudrin, Vladimir1111"]
[Result "1/2-1/2"]
[WhiteElo "2087"]
[BlackElo "1977"]
[PlyCount "117"]
[EventDate "2010.08.29"]
[EventType "swiss"]
[EventRounds "7"]
[EventCountry "RUS"]
[SourceTitle "EXT 2022"]
[Source "ChessBase"]
[SourceDate "2021.10.06"]
[SourceVersion "1"]
[SourceVersionDate "2021.10.06"]
[SourceQuality "1"]

1. d4 Nf6 2. Nf3 e6 3. Nc3 d5 4. Bf4 c6 5. h3 Nbd7 6. e3 Bb4 7. Bd3 0-0 8. a3 Bxc3+ 9. bxc3 Ne4 10. Bxe4 dxe4 11. Nd2 f5 12. 0-0 g5 13. Bh2 Qe8 14. Nc4 Rf6 15. f3 exf3 16. Qxf3 Qg6 17. Rab1 g4 18. hxg4 Qxg4 19. Qxg4+ fxg4 20. Na5 Rxf1+ 21. Kxf1 Nb6 22. c4 h5 23. Ke2 Na4 24. Rb4 b5 25. Nxc6 a5 26. Rxb5 Nc3+ 27. Kd3 Nxb5 28. cxb5 Bb7 29. c4 h4 30. Bf4 Kg7 31. d5 exd5 32. cxd5 h3 33. gxh3 gxh3 34. e4 Rf8 35. Be5+ Kg6 36. Ke2 a4 37. d6 Bc8 38. Bg3 Bg4+ 39. Ke1 Kg5 40. b6 Bc8 41. Nd4 Kg4 42. Bh2 Ba6 43. Ne2 Kf3 44. e5 Bxe2 45. e6 Bb5 46. b7 Kg2 47. d7 Bxd7 48. e7 Re8 49. b8Q Rxb8 50. Bxb8 h2 51. Bxh2 Kxh2 52. Kf2 Kh3 53. Kf3 Kh4 54. Kf4 Kh5 55. Ke5 Kg6 56. Kd4 Kf7 57. Kc3 Kxe7 58. Kb2 Kd6 59. Ka1 1/2-1/2

[Event "Kimry Autumn"]
[Site "Kimry"]
[Date "2010.08.29"]
[Round "2"]
[White "Protasov, Sergey"]
[Black "Efimov, Andrey"]
[Result "0-1"]
[WhiteElo "1628"]
[BlackElo "2087"]
[PlyCount "72"]
[EventDate "2010.08.29"]
[EventType "swiss"]
[EventRounds "7"]
[EventCountry "RUS"]
[SourceTitle "EXT 2022"]
[Source "ChessBase"]
[SourceDate "2021.10.06"]
[SourceVersion "1"]
[SourceVersionDate "2021.10.06"]
[SourceQuality "1"]

1. e4 c5 2. d4 cxd4 3. Nf3 Nc6 4. Nxd4 g6 5. Nxc6 bxc6 6. Qd4 Nf6 7. e5 Nh5 8. Be2 Ng7 9. Nc3 Ne6 10. Qd3 Bg7 11. 0-0 Bxe5 12. Bh6 Bg7 13. Qe3 0-0 14. Bg4 Qb6 15. Qd2 Qxb2 16. Bxg7 Nxg7 17. Rab1 Qa3 18. Rb3 Qa5 19. Bxd7 Rd8 20. Qe2 Bxd7 21. Rd1 Be6 22. Rxd8+ Rxd8 23. Rb1 Qxc3 24. Qf1 Bxa2 25. Re1 Bc4 26. Re2 Rd2 27. Qe1 Bxe2 28. h3 Rd1 29. Qxd1 Bxd1 30. Kh2 Qxc2 31. f3 Nf5 32. h4 Nxh4 33. Kh3 Qxg2+ 34. Kxh4 g5+ 35. Kh5 Qg3 36. Kh6 Qh4# 0-1

[Event "Kimry Winter"]
[Site "Kimry"]
[Date "2010.01.25"]
[Round "6"]
[White "Efimov, Andrey"]
[Black "Lashkov, Vladimir"]
[Result "1-0"]
[WhiteElo "2107"]
[BlackElo "1913"]
[PlyCount "121"]
[EventDate "2010.01.23"]
[EventType "swiss"]
[EventRounds "8"]
[EventCountry "RUS"]
[SourceTitle "EXT 2022"]
[Source "ChessBase"]
[SourceDate "2021.10.06"]
[SourceVersion "1"]
[SourceVersionDate "2021.10.06"]
[SourceQuality "1"]

1. d4 g6 2. e4 Bg7 3. c4 a6 4. Nc3 d6 5. f4 h6 6. Nf3 Bg4 7. Be2 Qc8 8. 0-0 Nc6 9. d5 Nd8 10. Be3 Nf6 11. e5 Nh7 12. Bd4 c5 13. Be3 b6 14. h3 Bd7 15. Qd2 0-0 16. Ne4 f5 17. Nf2 Qc7 18. Rae1 Be8 19. Kh1 e6 20. dxe6 dxe5 21. Qd5 Bc6 22. Qd2 Nxe6 23. Nxe5 Rad8 24. Qc1 Bb7 25. Nxg6 Rf6 26. Ne5 Nhf8 27. Rd1 Nd4 28. Bxd4 cxd4 29. Nfd3 Ne6 30. Bf3 Nc5 31. b3 Ne4 32. Kh2 Bf8 33. Nf2 Nc3 34. Rd3 Bxf3 35. Nxf3 Ne2 36. Qd2 Nxf4 37. Kh1 Rg6 38. Nh4 Rg5 39. Rxd4 Bd6 40. Rd1 Be7 41. Rxd8+ Bxd8 42. Qxd8+ Qxd8 43. Rxd8+ Kf7 44. Rd6 b5 45. cxb5 axb5 46. Rxh6 Ne2 47. Nd3 Ng3+ 48. Kh2 Nf1+ 49. Kg1 Ng3 50. Nf3 Rg7 51. Nf4 Ne4 52. Ne5+ Ke7 53. Re6+ Kd8 54. Nd5 Ra7 55. Rh6 Kc8 56. Rh8+ Kb7 57. Rh7+ Ka6 58. Rh6+ Kb7 59. Rb6+ Ka8 60. Nc6 Rb7 61. Ra6+ 1-0

[Event "Kimry Winter"]
[Site "Kimry"]
[Date "2010.01.23"]
[Round "1"]
[White "Dementieva, Julia"]
[Black "Efimov, Andrey"]
[Result "0-1"]
[WhiteElo "1609"]
[BlackElo "2107"]
[PlyCount "64"]
[EventDate "2010.01.23"]
[EventType "swiss"]
[EventRounds "8"]
[EventCountry "RUS"]
[SourceTitle "EXT 2022"]
[Source "ChessBase"]
[SourceDate "2021.10.06"]
[SourceVersion "1"]
[SourceVersionDate "2021.10.06"]
[SourceQuality "1"]

1. e4 c5 2. Nf3 d6 3. Nc3 Nf6 4. Bb5+ Bd7 5. Bxd7+ Nbxd7 6. d3 g6 7. Bg5 Bg7 8. Qd2 h6 9. Be3 Ng4 10. 0-0-0 Qa5 11. d4 Nxe3 12. Qxe3 h5 13. a3 Bh6 14. Ng5 cxd4 15. Qxd4 Bxg5+ 16. Kb1 Bf6 17. Qd3 Bxc3 18. Qxc3 Qxc3 19. bxc3 Rc8 20. Rd3 Nc5 21. Re3 Na4 22. Rd1 Nxc3+ 23. Kc1 Nxd1 24. Kxd1 Kd7 25. Rb3 b6 26. Rd3 Rc5 27. f3 Rhc8 28. Rd2 Rc3 29. a4 Ra3 30. Rd4 Ra1+ 31. Kd2 Ra2 32. Kd1 Rcxc2 0-1

[Event "Kimry op Nov"]
[Site "Kimry"]
[Date "2009.11.29"]
[Round "7"]
[White "Efimov, Andrey"]
[Black "Kudrin, Vladimir1111"]
[Result "1-0"]
[WhiteElo "2142"]
[BlackElo "1992"]
[PlyCount "111"]
[EventDate "2009.11.21"]
[EventType "swiss"]
[EventRounds "8"]
[EventCountry "RUS"]
[SourceTitle "EXT 2011"]
[Source "ChessBase"]
[SourceDate "2010.11.26"]
[SourceVersion "1"]
[SourceVersionDate "2010.11.26"]
[SourceQuality "1"]

1. d4 d5 2. Nf3 c6 3. c4 e6 4. Nc3 Nf6 5. e3 Bb4 6. Bd3 Ne4 7. Bxe4 dxe4 8. Nd2 f5 9. Ne2 0-0 10. 0-0 Bd6 11. c5 Bc7 12. b4 Nd7 13. a4 Nf6 14. Nc3 Ng4 15. g3 Nf6 16. Qb3 Rf7 17. f3 exf3 18. Nxf3 Nd5 19. Bd2 h6 20. Rae1 Nxc3 21. Bxc3 Qd5 22. Qc4 b6 23. Nd2 b5 24. e4 Qd7 25. a5 g6 26. Bb2 f4 27. Qc3 Qd8 28. d5 e5 29. d6 Bxd6 30. cxd6 Qxd6 31. Qxe5 Qxe5 32. Bxe5 fxg3 33. Bxg3 Be6 34. Nf3 Bc4 35. Rf2 Re8 36. Ne5 Rxf2 37. Kxf2 Bf7 38. Nxc6 a6 39. Ne5 g5 40. Nxf7 Kxf7 41. Ke3 Kg6 42. Rc1 Re6 43. Rc7 h5 44. Kd4 h4 45. Be5 Kh5 46. h3 Rh6 47. Bg7 Rg6 48. Bf8 Rf6 49. Rh7+ Kg6 50. Rh6+ Kf7 51. Rxf6+ Kxf6 52. Kd5 g4 53. hxg4 h3 54. Bd6 Kg5 55. Bh2 Kxg4 56. e5 1-0

[Event "Kimry op Nov"]
[Site "Kimry"]
[Date "2009.11.21"]
[Round "2"]
[White "Danilov, Alexander"]
[Black "Efimov, Andrey"]
[Result "0-1"]
[WhiteElo "1968"]
[BlackElo "2142"]
[PlyCount "108"]
[EventDate "2009.11.21"]
[EventType "swiss"]
[EventRounds "8"]
[EventCountry "RUS"]
[SourceTitle "EXT 2011"]
[Source "ChessBase"]
[SourceDate "2010.11.26"]
[SourceVersion "1"]
[SourceVersionDate "2010.11.26"]
[SourceQuality "1"]

1. e4 c5 2. Nf3 g6 3. d4 cxd4 4. Nxd4 Bg7 5. Nc3 Nc6 6. Be3 Nf6 7. f3 0-0 8. Qd2 d5 9. 0-0-0 dxe4 10. Nxc6 Qxd2+ 11. Rxd2 bxc6 12. Nxe4 Nxe4 13. fxe4 Be6 14. a3 c5 15. c4 Rab8 16. h3 Rb7 17. g4 Rfb8 18. Rhh2 Be5 19. Rhf2 Kg7 20. Bxc5 Rc7 21. Bd4 Bxd4 22. Rxd4 Rb3 23. Rc2 a5 24. c5 Re3 25. Kd2 Rg3 26. Rd3 Rg1 27. Ke2 Bc8 28. Rd1 Rg3 29. Kf2 Rb3 30. Rd3 Rb8 31. Rd8 Rb3 32. Rd3 Rb8 33. Rf3 Bb7 34. Ke3 Bc6 35. Bc4 e6 36. Kd4 f5 37. gxf5 exf5 38. Bd5 Rd8 39. Kc4 fxe4 40. Bxc6 exf3 41. Bxf3 Rf8 42. Rc3 Kf6 43. Bd5 Ke7 44. Re3+ Kd7 45. b4 Rf4+ 46. Kb5 axb4 47. axb4 Rd4 48. Be6+ Kd8 49. c6 Re7 50. Kc5 Rd2 51. b5 Rc2+ 52. Kb6 Rd2 53. Re5 Rd6 54. Kc5 Rexe6 0-1

[Event "Kimry Summer op 45th"]
[Site "Kimry"]
[Date "2009.06.11"]
[Round "1"]
[White "Efimov, Andrey"]
[Black "Chernyaev, Vladimir"]
[Result "1-0"]
[WhiteElo "2155"]
[BlackElo "1861"]
[PlyCount "63"]
[EventDate "2009.06.11"]
[EventType "swiss"]
[EventRounds "8"]
[EventCountry "RUS"]
[SourceTitle "EXT 2022"]
[Source "ChessBase"]
[SourceDate "2021.10.06"]
[SourceVersion "1"]
[SourceVersionDate "2021.10.06"]
[SourceQuality "1"]

1. d4 Nf6 2. c4 e6 3. Nc3 d5 4. Nf3 Be7 5. Bg5 0-0 6. e3 Nbd7 7. Bd3 c5 8. 0-0 b6 9. cxd5 Nxd5 10. Bxe7 Nxe7 11. Rc1 Bb7 12. Ne4 cxd4 13. Nxd4 Ne5 14. Bb1 Rc8 15. Rxc8 Qxc8 16. Nd6 Qa8 17. Nxb7 Qxb7 18. Bxh7+ Kxh7 19. Qh5+ Kg8 20. Qxe5 Ng6 21. Qd6 Qa6 22. a3 Qc4 23. h3 Rc8 24. Rd1 e5 25. Nf5 Qc7 26. Qb4 Qc2 27. Qg4 Ra8 28. h4 Qb3 29. h5 Qe6 30. Rd6 Qc8 31. hxg6 fxg6 32. Ne7+ 1-0

[Event "Kimry Spring op 44th"]
[Site "Kimry"]
[Date "2009.04.13"]
[Round "4"]
[White "Efimov, Andrey"]
[Black "Doronine, Vladimir"]
[Result "0-1"]
[WhiteElo "2155"]
[BlackElo "1954"]
[PlyCount "116"]
[EventDate "2009.04.13"]
[EventType "swiss"]
[EventRounds "7"]
[EventCountry "RUS"]
[SourceTitle "EXT 2022"]
[Source "ChessBase"]
[SourceDate "2021.10.06"]
[SourceVersion "1"]
[SourceVersionDate "2021.10.06"]
[SourceQuality "1"]

1. d4 d5 2. c4 c6 3. Nc3 g6 4. e4 dxe4 5. Nxe4 Bg7 6. Be3 Bf5 7. Nc3 Nf6 8. Nf3 0-0 9. Bd3 Bxd3 10. Qxd3 Nbd7 11. 0-0 Nc5 12. Qe2 Nce4 13. Nxe4 Nxe4 14. Bf4 Nf6 15. Rfe1 e6 16. Rad1 Qa5 17. Rd3 Nh5 18. Bd6 Rfd8 19. b4 Qf5 20. Be7 Nf4 21. Qe3 Nxd3 22. Nh4 Qxf2+ 23. Qxf2 Nxf2 24. Bxd8 Rxd8 25. Kxf2 Rxd4 26. Nf3 Rxc4 27. a3 Rc3 28. Rd1 Rxa3 29. Rd8+ Bf8 30. Ne5 Kg7 31. Rd7 Bxb4 32. Rxf7+ Kh6 33. Rxb7 Bc5+ 34. Kf1 Ra2 35. g3 Rf2+ 36. Ke1 Ra2 37. Nxc6 Bg1 38. Ne5 a5 39. Kf1 Bd4 40. Nf7+ Kh5 41. Nd8 e5 42. Rxh7+ Kg4 43. Rg7 Rxh2 44. Rxg6+ Kf3 45. Rf6+ Kxg3 46. Nc6 Bc3 47. Rf5 Kg4 48. Rf7 e4 49. Re7 Kf3 50. Rf7+ Ke3 51. Ne7 Kd3 52. Nd5 Bd4 53. Nf4+ Kc2 54. Ne2 Bb6 55. Rf6 Be3 56. Ng3 Rf2+ 57. Rxf2+ Bxf2 58. Kxf2 a4 0-1

[Event "Kimry Spring op 44th"]
[Site "Kimry"]
[Date "2009.04.13"]
[Round "5"]
[White "Ryabov, Alexandr"]
[Black "Efimov, Andrey"]
[Result "0-1"]
[WhiteElo "1468"]
[BlackElo "2155"]
[PlyCount "82"]
[EventDate "2009.04.13"]
[EventType "swiss"]
[EventRounds "7"]
[EventCountry "RUS"]
[SourceTitle "EXT 2022"]
[Source "ChessBase"]
[SourceDate "2021.10.06"]
[SourceVersion "1"]
[SourceVersionDate "2021.10.06"]
[SourceQuality "1"]

1. e4 c5 2. Nf3 Nc6 3. d4 cxd4 4. Nxd4 g6 5. Nxc6 bxc6 6. Nc3 Bg7 7. Bc4 Qa5 8. Bd2 Rb8 9. Qf3 e6 10. 0-0 Rxb2 11. Nd1 Qxd2 12. Nxb2 Bxb2 13. Rab1 Qxc2 14. Bb3 Qc3 15. Qe2 Ba3 16. Bc4 Nf6 17. Rb3 Qa5 18. Qf3 Be7 19. Rb8 0-0 20. Qe2 Qe5 21. f3 Qxb8 22. e5 Nh5 23. g4 Nf4 24. Qe3 Bg5 25. h4 Nh3+ 26. Kg2 Bxe3 27. Kxh3 Qxe5 28. Re1 Qf4 29. h5 Bf2 30. Kg2 Bxe1 31. Kf1 Qxc4+ 32. Kg1 Qxa2 33. Kh1 f5 34. g5 c5 35. f4 gxh5 36. Kg1 h4 37. Kh1 h3 38. Kg1 Bg3 39. Kf1 Ba6+ 40. Kg1 Qd5 41. g6 h2# 0-1

[Event "Kimry-ch"]
[Site "Kimry"]
[Date "2009.01.07"]
[Round "9"]
[White "Makhnev, Vladimir"]
[Black "Efimov, Andrey"]
[Result "1-0"]
[WhiteElo "2260"]
[BlackElo "2142"]
[PlyCount "47"]
[EventDate "2009.01.02"]
[EventType "swiss"]
[EventRounds "9"]
[EventCountry "RUS"]
[SourceTitle "EXT 2010"]
[Source "ChessBase"]
[SourceDate "2010.11.25"]
[SourceVersion "1"]
[SourceVersionDate "2010.11.25"]
[SourceQuality "1"]

1. e4 c5 2. Nf3 d6 3. Bb5+ Nc6 4. 0-0 Nf6 5. Re1 Bd7 6. c3 e5 7. d4 Be7 8. d5 Nb8 9. Bxd7+ Nbxd7 10. a4 0-0 11. Nbd2 a6 12. Nf1 b5 13. Ng3 c4 14. axb5 axb5 15. Rxa8 Qxa8 16. Nf5 Re8 17. Nxe7+ Rxe7 18. Nh4 Nc5 19. Bg5 Rd7 20. Bxf6 gxf6 21. Qh5 Kh8 22. Qh6 Qg8 23. Ra1 Rd8 24. Qxf6+ 1-0

[Event "Kimry-ch"]
[Site "Kimry"]
[Date "2009.01.02"]
[Round "1"]
[White "Zarodov, Alexandr"]
[Black "Efimov, Andrey"]
[Result "0-1"]
[WhiteElo "1957"]
[BlackElo "2142"]
[PlyCount "78"]
[EventDate "2009.01.02"]
[EventType "swiss"]
[EventRounds "9"]
[EventCountry "RUS"]
[SourceTitle "EXT 2010"]
[Source "ChessBase"]
[SourceDate "2010.11.25"]
[SourceVersion "1"]
[SourceVersionDate "2010.11.25"]
[SourceQuality "1"]

1. d4 Nf6 2. c4 c5 3. e3 e6 4. Nc3 Be7 5. Bd3 d5 6. Nge2 Nc6 7. a3 0-0 8. dxc5 dxc4 9. Bxc4 Ne5 10. Qxd8 Rxd8 11. Ba2 Nd3+ 12. Kf1 Bxc5 13. Nf4 Nxf4 14. exf4 b5 15. Be3 Bxe3 16. fxe3 Rd2 17. b4 Bb7 18. Rg1 Ng4 19. e4 Rc8 20. Ke1 Rc2 21. Ne2 Bxe4 22. h3 Ne3 23. Bb1 R2c4 24. Bxe4 Rxe4 25. Kf2 Nd5 26. g3 Rc2 27. Rge1 h5 28. Kf1 h4 29. f5 Ne3+ 30. Kg1 hxg3 31. fxe6 Rxe6 32. Rac1 Ra2 33. Ra1 Rxa1 34. Rxa1 Nc2 35. Ra2 Rxe2 36. Kh1 f5 37. a4 bxa4 38. Rxa4 Ne1 39. Ra1 Rh2+ 0-1

[Event "Kimry Autumn op 40th"]
[Site "Kimry"]
[Date "2008.09.06"]
[Round "4"]
[White "Markov, Mikhail1111"]
[Black "Efimov, Andrey"]
[Result "0-1"]
[WhiteElo "1912"]
[BlackElo "2145"]
[PlyCount "72"]
[EventDate "2008.08.31"]
[EventType "swiss"]
[EventRounds "7"]
[EventCountry "RUS"]
[SourceTitle "EXT 2022"]
[Source "ChessBase"]
[SourceDate "2021.10.06"]
[SourceVersion "1"]
[SourceVersionDate "2021.10.06"]
[SourceQuality "1"]

1. e4 c5 2. f4 Nc6 3. Nc3 g6 4. Bc4 Bg7 5. Nf3 d6 6. 0-0 Bg4 7. Qe1 Bxf3 8. Rxf3 Nd4 9. Rg3 Nxc2 10. Qd1 Nxa1 11. f5 Nf6 12. d3 a6 13. a4 0-0 14. fxg6 b5 15. gxh7+ Kxh7 16. Nd5 e6 17. Nxf6+ Qxf6 18. Qh5+ Kg8 19. Bh6 Rfb8 20. Rxg7+ Qxg7 21. Bxg7 Kxg7 22. Ba2 bxa4 23. Qd1 Nb3 24. Bxb3 Rxb3 25. d4 c4 26. Qa1 a3 27. bxa3 Rab8 28. Kf2 Rb2+ 29. Kf3 R8b3+ 30. Kg4 Rxg2+ 31. Kh4 Rxh2+ 32. Kg4 c3 33. Qc1 Rg2+ 34. Kf3 Rbb2 35. Ke3 Rbe2+ 36. Kf3 c2 0-1

[Event "Kimry Autumn op 40th"]
[Site "Kimry"]
[Date "2008.08.31"]
[Round "2"]
[White "Efimov, Andrey"]
[Black "Jarulin, Rufat"]
[Result "0-1"]
[WhiteElo "2145"]
[BlackElo "2060"]
[PlyCount "80"]
[EventDate "2008.08.31"]
[EventType "swiss"]
[EventRounds "7"]
[EventCountry "RUS"]
[SourceTitle "EXT 2022"]
[Source "ChessBase"]
[SourceDate "2021.10.06"]
[SourceVersion "1"]
[SourceVersionDate "2021.10.06"]
[SourceQuality "1"]

1. d4 Nf6 2. c4 e5 3. dxe5 Ng4 4. Bf4 Nc6 5. Nf3 Bb4+ 6. Nbd2 Qe7 7. e3 Ncxe5 8. Nxe5 Nxe5 9. Be2 0-0 10. 0-0 Bxd2 11. Qxd2 d6 12. Rfd1 Bg4 13. Rac1 Rfd8 14. b3 h6 15. h3 Bf5 16. Qb4 b6 17. Rd5 Qf6 18. Rcd1 a5 19. Qd2 Re8 20. a3 Qg6 21. Bxe5 dxe5 22. g4 h5 23. f3 hxg4 24. hxg4 Bc2 25. Rc1 Bxb3 26. Bd3 Qg5 27. Be4 Rad8 28. Qc3 a4 29. Kf2 Qh4+ 30. Kg2 Qg5 31. Rh1 g6 32. Kf2 Rxd5 33. cxd5 Qd8 34. Qc6 Kg7 35. Rc1 Rh8 36. Ke2 Qc8 37. Bd3 Rh2+ 38. Kf1 Qh8 39. Be4 Qh3+ 40. Ke1 Qg3+ 0-1

[Event "Kimry Autumn op 40th"]
[Site "Kimry"]
[Date "2008.08.31"]
[Round "1"]
[White "Korovin, Vladislav"]
[Black "Efimov, Andrey"]
[Result "0-1"]
[WhiteElo "2160"]
[BlackElo "2145"]
[PlyCount "32"]
[EventDate "2008.08.31"]
[EventType "swiss"]
[EventRounds "7"]
[EventCountry "RUS"]
[SourceTitle "EXT 2022"]
[Source "ChessBase"]
[SourceDate "2021.10.06"]
[SourceVersion "1"]
[SourceVersionDate "2021.10.06"]
[SourceQuality "1"]

1. e4 c5 2. Nf3 d6 3. d4 cxd4 4. Nxd4 Nf6 5. Nc3 e6 6. Bg5 Be7 7. Bb5+ Nbd7 8. 0-0 0-0 9. Re1 a6 10. Bf1 Qc7 11. Bc4 Qxc4 12. Qd2 b5 13. b3 Qc5 14. Be3 Qh5 15. Nc6 Re8 16. Nxe7+ Rxe7 0-1

[Event "Kimry-ch"]
[Site "Kimry"]
[Date "2007.01.08"]
[Round "9"]
[White "Efimov, Andrey"]
[Black "Pospelov, Sergey Lvovich"]
[Result "1-0"]
[WhiteElo "2139"]
[BlackElo "2078"]
[PlyCount "69"]
[EventDate "2007.01.02"]
[EventType "swiss"]
[EventRounds "9"]
[EventCountry "RUS"]
[SourceTitle "EXT 2010"]
[Source "ChessBase"]
[SourceDate "2010.11.25"]
[SourceVersion "1"]
[SourceVersionDate "2010.11.25"]
[SourceQuality "1"]

1. d4 Nf6 2. c4 e5 3. d5 Bc5 4. Nc3 d6 5. e4 Bd4 6. Nge2 c5 7. dxc6 Bxc3+ 8. Nxc3 bxc6 9. Be2 h6 10. 0-0 Be6 11. b3 0-0 12. Be3 d5 13. exd5 cxd5 14. cxd5 Bf5 15. Bb5 Nbd7 16. Bc6 Rc8 17. Rc1 Qa5 18. Qd2 Kh7 19. Nb5 Qxd2 20. Bxd2 Ne4 21. Bb4 Rfd8 22. f3 Nef6 23. Nd6 Rb8 24. Ba5 Nb6 25. Nxf5 Nfxd5 26. Rfd1 Nf4 27. Rxd8 Rxd8 28. Re1 f6 29. Ne3 Ne6 30. Nc4 g6 31. Nxb6 axb6 32. Bxb6 Rd6 33. Rc1 Nf4 34. Kf1 Rd2 35. Be3 1-0

[Event "Kimry-ch"]
[Site "Kimry"]
[Date "2007.01.03"]
[Round "4"]
[White "Lashkov, Vladimir"]
[Black "Efimov, Andrey"]
[Result "0-1"]
[WhiteElo "1993"]
[BlackElo "2139"]
[PlyCount "122"]
[EventDate "2007.01.02"]
[EventType "swiss"]
[EventRounds "9"]
[EventCountry "RUS"]
[SourceTitle "EXT 2010"]
[Source "ChessBase"]
[SourceDate "2010.11.25"]
[SourceVersion "1"]
[SourceVersionDate "2010.11.25"]
[SourceQuality "1"]

1. d4 Nf6 2. e3 d5 3. Bd3 c5 4. c3 Nc6 5. f4 Bg4 6. Ne2 e6 7. Nd2 Bd6 8. 0-0 0-0 9. Qe1 cxd4 10. cxd4 Nb4 11. Bb1 Rc8 12. Nc3 Bh5 13. a3 Nc6 14. Nb5 Bb8 15. Nc3 Ne7 16. h3 Bg6 17. Bxg6 Nxg6 18. g4 Re8 19. Nf3 Nd7 20. Ne5 Ngxe5 21. dxe5 a6 22. b4 Nb6 23. Ne2 Nc4 24. Nd4 f6 25. exf6 Qxf6 26. g5 Qe7 27. Ra2 e5 28. Nf5 Qe6 29. Nxg7 Kxg7 30. f5 Qb6 31. Qh4 Nxe3 32. f6+ Kh8 33. Bxe3 Qxe3+ 34. Rff2 Rg8 35. f7 Qxg5+ 36. Qxg5 Rxg5+ 37. Kh1 Rf8 38. h4 Rg3 39. h5 Rh3+ 40. Kg2 Rxh5 41. Kg3 Rg5+ 42. Kh4 h6 43. Rf6 Kg7 44. Rb6 Ba7 45. Rxb7 Be3 46. Rd7 d4 47. Rd6 Rg6 48. Rd7 Bg5+ 49. Kh3 Bf4 50. Ra1 Rg3+ 51. Kh4 Rxa3 52. Rg1+ Bg5+ 53. Kg4 Rxf7 54. Rxf7+ Kxf7 55. Kf5 Re3 56. Ra1 d3 57. Rxa6 d2 58. Rd6 Re1 59. Rd7+ Ke8 60. Ke6 d1Q 61. Rd3 Qxd3 0-1

[Event "Izmailov Memorial op 11th"]
[Site "Tomsk"]
[Date "2007.??.??"]
[Round "?"]
[White "Efimov, Andrey"]
[Black "Rysbayeva, Nazerke"]
[Result "1-0"]
[WhiteElo "2139"]
[BlackElo "2054"]
[PlyCount "73"]
[EventDate "2007.06.25"]
[EventType "swiss"]
[EventRounds "9"]
[EventCountry "RUS"]
[SourceTitle "EXT 2008"]
[Source "ChessBase"]
[SourceDate "2007.11.25"]
[SourceVersion "1"]
[SourceVersionDate "2007.11.25"]
[SourceQuality "1"]

1. g3 d5 2. Nf3 Bg4 3. Bg2 Nd7 4. c4 c6 5. cxd5 cxd5 6. 0-0 Ngf6 7. d4 e6 8. Bf4 Be7 9. Nc3 0-0 10. Qb3 Qb6 11. Qxb6 Nxb6 12. h3 Bf5 13. Nh4 Bg6 14. Nxg6 hxg6 15. Rfc1 Nh5 16. Bc7 Nc4 17. Bxd5 Bg5 18. f4 Bf6 19. Bxb7 Bxd4+ 20. Kh2 Rae8 21. Ba6 Re7 22. Bxc4 Rxc7 23. Nb5 Bxb2 24. Nxc7 Bxa1 25. Nxe6 Rc8 26. Ng5 Kf8 27. Nxf7 Rc5 28. Ng5 Ke7 29. e4 Rc8 30. e5 Bd4 31. Kg2 Be3 32. Rc2 Rd8 33. Kf3 Rd2 34. Rxd2 Bxd2 35. Bd3 Nf6 36. exf6+ gxf6 37. Ne4 1-0

[Event "Kimry-ch"]
[Site "Kimry"]
[Date "2003.??.??"]
[Round "6"]
[White "Efimov, Andrey"]
[Black "Lashkov, Vladimir"]
[Result "1-0"]
[WhiteElo "2055"]
[BlackElo "2030"]
[PlyCount "79"]
[EventDate "2003.??.??"]
[EventType "swiss"]
[EventRounds "9"]
[EventCountry "RUS"]
[SourceTitle "EXT 2007"]
[Source "ChessBase"]
[SourceDate "2006.11.23"]
[SourceVersion "1"]
[SourceVersionDate "2006.11.23"]
[SourceQuality "1"]

1. d4 g6 2. e4 Bg7 3. c4 d6 4. Nc3 Nc6 5. d5 Nb8 6. f4 Nd7 7. Be3 Nh6 8. Nf3 0-0 9. Bd3 Nc5 10. Bxc5 dxc5 11. 0-0 Bg4 12. h3 Bd7 13. Qe2 Kh8 14. Rac1 Ng8 15. Kh2 Nf6 16. e5 Nh5 17. Nd2 f5 18. g3 e6 19. Qf2 Bh6 20. Qxc5 g5 21. Ne2 gxf4 22. gxf4 Rg8 23. Qf2 Qe7 24. Rg1 Qb4 25. Nb3 exd5 26. Qh4 Be8 27. Rxg8+ Kxg8 28. Bxf5 dxc4 29. Be6+ Kh8 30. Rxc4 Qb6 31. f5 Qe3 32. Re4 Bf4+ 33. Nxf4 Qxe4 34. Ng6+ hxg6 35. Qxe4 gxf5 36. Qxf5 Kg7 37. Qg5+ Kf8 38. Bc4 a5 39. e6 Ra6 40. e7# 1-0

[Event "Kimry-ch"]
[Site "Kimry"]
[Date "2003.??.??"]
[Round "4"]
[White "Kudrin, Vladimir1111"]
[Black "Efimov, Andrey"]
[Result "0-1"]
[WhiteElo "2030"]
[BlackElo "2055"]
[PlyCount "118"]
[EventDate "2003.??.??"]
[EventType "swiss"]
[EventRounds "9"]
[EventCountry "RUS"]
[SourceTitle "EXT 2007"]
[Source "ChessBase"]
[SourceDate "2006.11.23"]
[SourceVersion "1"]
[SourceVersionDate "2006.11.23"]
[SourceQuality "1"]

1. d4 Nf6 2. c4 c5 3. e3 e6 4. Nc3 d5 5. Nf3 Nc6 6. Be2 Be7 7. 0-0 0-0 8. h3 b6 9. cxd5 Nxd5 10. Bc4 cxd4 11. Bxd5 exd5 12. Nxd4 Nxd4 13. Qxd4 Be6 14. Ne2 Bf6 15. Qd3 Rc8 16. Nf4 Be5 17. Nxe6 fxe6 18. e4 dxe4 19. Qxe4 Qf6 20. Qe2 Qf5 21. Qg4 Rc2 22. Qxf5 Rxf5 23. Be3 Rxb2 24. a4 Rb4 25. Ra2 Bf6 26. Rc1 Ra5 27. Rc8+ Kf7 28. Rd2 Rbxa4 29. Rd7+ Kg6 30. g3 Rd5 31. Rb7 Kf5 32. Rcc7 h5 33. Kg2 e5 34. Rxa7 Rxa7 35. Rxa7 b5 36. Kf3 e4+ 37. Ke2 Ke6 38. Rb7 Kd6 39. h4 Kc6 40. Rb6+ Kc7 41. Re6 Be5 42. Ra6 b4 43. Rb6 Bc3 44. Ra6 b3 45. Ra3 Rb5 46. Bc1 Bd4 47. Ra4 b2 48. Bxb2 Rxb2+ 49. Kd1 Bxf2 50. Rxe4 Bxg3 51. Re7+ Kd6 52. Rxg7 Bxh4 53. Rg6+ Ke7 54. Rh6 Rb5 55. Ke2 Rf5 56. Ra6 Bg5 57. Ra3 Kf7 58. Rh3 h4 59. Rh1 Kg6 0-1

[Event "Kimry-ch"]
[Site "Kimry"]
[Date "2003.??.??"]
[Round "7"]
[White "Shidlovski, Yuri"]
[Black "Efimov, Andrey"]
[Result "1/2-1/2"]
[WhiteElo "2050"]
[BlackElo "2055"]
[PlyCount "70"]
[EventDate "2003.??.??"]
[EventType "swiss"]
[EventRounds "9"]
[EventCountry "RUS"]
[SourceTitle "EXT 2007"]
[Source "ChessBase"]
[SourceDate "2006.11.23"]
[SourceVersion "1"]
[SourceVersionDate "2006.11.23"]
[SourceQuality "1"]

1. d4 Nf6 2. Nc3 d5 3. Nf3 c6 4. e3 Bf5 5. Ne5 Nbd7 6. Bd3 Bxd3 7. cxd3 e6 8. 0-0 Bd6 9. f4 h5 10. Qf3 Qe7 11. e4 h4 12. a3 h3 13. Nxd7 Nxd7 14. g3 c5 15. e5 Bc7 16. Nb5 Nb8 17. Be3 cxd4 18. Bxd4 a6 19. Nxc7+ Qxc7 20. Rac1 Nc6 21. Bc5 Qd7 22. Bd6 Rc8 23. Qe3 f5 24. Rc2 Kf7 25. Rfc1 Ne7 26. Rc7 Rxc7 27. Rxc7 Qa4 28. Rxe7+ Kg6 29. Rxe6+ Kh7 30. Bb4 Qd1+ 31. Kf2 Rc8 32. Bc3 Qh1 33. Qf3 Qxh2+ 34. Ke3 Qg1+ 35. Ke2 h2 1/2-1/2